|
|
|
|
| LEADER |
03647nam a2200481 a 4500 |
| 001 |
2630878 |
| 003 |
BD-DhAAL |
| 005 |
20260225121039.0 |
| 008 |
101108r20072001nyua b 001 0 eng d |
| 010 |
|
|
|a 99029981
|
| 020 |
|
|
|a 9780471056690
|
| 020 |
|
|
|a 0471056693 (alk. paper)
|
| 020 |
|
|
|a 978812651167
|
| 020 |
|
|
|a 9814126020
|
| 040 |
|
|
|a DLC
|c DLC
|d DLC
|d BD-DhAAL
|
| 082 |
0 |
0 |
|a 006.4
|2 21
|
| 100 |
1 |
|
|a Duda, Richard O.
|9 56601
|
| 245 |
0 |
0 |
|a Pattern classification /
|c Richard O. Duda, Peter E. Hart and David G. Stork.
|
| 250 |
|
|
|a Second edition.
|
| 260 |
|
|
|a New York :
|a New Delhi :
|b Wiley,
|c c2001, 2005, 2006 [reprinted 2007, 2011].
|
| 300 |
|
|
|a xx, 654 pages :
|b illustrations ;
|c 27 cm.
|
| 500 |
|
|
|a "A Wiley-Interscience Publication."
|
| 504 |
|
|
|a Includes bibliographical references and index.
|
| 526 |
8 |
|
|a CSE
|x Annajiat Alim Rasel
Senior Lecturer
Department of Computer Science and Engineering
BRAC University
Course Name and No. :- Distributed Computing Systems (CSE 707)
|
| 541 |
1 |
|
|e 15715, 24713, 45388, 45389, 45390
|a TRIM EDUCATION, Hye Trade International
|
| 650 |
|
0 |
|a Pattern recognition systems.
|9 24992
|
| 650 |
|
0 |
|a Statistical decision.
|
| 650 |
|
0 |
|a Computer science.
|
| 700 |
1 |
|
|a Hart, Peter E.
|q (Peter Elliot),
|d 1941-
|9 56602
|
| 700 |
1 |
|
|a Stork, David G.
|9 56603
|
| 852 |
4 |
|
|a Ayesha Abed library
|c General Stacks
|
| 942 |
|
|
|2 ddc
|c BK
|
| 999 |
|
|
|c 10069
|d 10069
|
| 952 |
|
|
|0 0
|1 0
|2 ddc
|4 1
|6 006_400000000000000_DUD
|7 0
|9 13248
|a BRACUL
|b BRACUL
|c SPS
|d 2010-11-15
|l 2
|m 28
|o 006.4 DUD
|p 3010015715
|r 2020-01-14
|s 2019-07-08
|t 1
|w 2010-11-15
|y BK
|
| 952 |
|
|
|0 0
|1 0
|2 ddc
|4 1
|6 006_400000000000000_DUD
|7 0
|9 13249
|a BRACUL
|b BRACUL
|c SPS
|d 2010-11-15
|l 0
|o 006.4 DUD
|p 3010015716
|r 2010-11-15
|t 2
|w 2010-11-15
|y BK
|
| 952 |
|
|
|0 0
|1 0
|2 ddc
|4 1
|6 006_400000000000000_DUD
|7 0
|9 13250
|a BRACUL
|b BRACUL
|c SPS
|d 2010-11-15
|l 0
|o 006.4 DUD
|p 3010015717
|r 2010-11-15
|t 3
|w 2010-11-15
|y BK
|
| 952 |
|
|
|0 0
|1 0
|2 ddc
|4 1
|6 006_400000000000000_DUD
|7 0
|9 13251
|a BRACUL
|b BRACUL
|c SPS
|d 2010-11-15
|l 2
|m 22
|o 006.4 DUD
|p 3010015718
|r 2014-09-14
|s 2014-07-23
|t 4
|w 2010-11-15
|y BK
|
| 952 |
|
|
|0 0
|1 0
|2 ddc
|4 1
|6 006_400000000000000_DUD
|7 0
|9 13252
|a BRACUL
|b BRACUL
|c SPS
|d 2010-11-15
|l 0
|o 006.4 DUD
|p 3010015719
|r 2010-11-15
|t 5
|w 2010-11-15
|y BK
|
| 952 |
|
|
|0 0
|1 0
|2 ddc
|4 0
|6 006_400000000000000_DUD
|7 0
|9 13625
|a BRACUL
|b BRACUL
|c GEN
|d 2010-12-14
|e TRIM EDUCATION
|l 5
|m 49
|o 006.4 DUD
|p 3010021617
|r 2022-03-16
|s 2022-03-16
|t 6
|w 2010-12-14
|y BK
|
| 952 |
|
|
|0 0
|1 0
|2 ddc
|4 0
|6 006_400000000000000_DUD
|7 0
|9 19764
|a BRACUL
|b BRACUL
|c GEN
|d 2012-03-20
|e Trim Education
|g 960.00
|l 5
|m 68
|o 006.4 DUD
|p 3010024713
|r 2024-06-07
|s 2024-05-06
|t 7
|w 2012-03-22
|y BK
|
| 952 |
|
|
|0 0
|1 0
|2 ddc
|4 0
|6 006_400000000000000_DUD
|7 0
|9 78722
|a BRACUL
|b BRACUL
|c GEN
|d 2026-01-29
|e Hye Trade International
|g 21761.00
|l 0
|o 006.4 DUD
|p 3010045390
|r 2026-01-29
|t 10
|v 43522.00
|w 2026-01-29
|y BK
|x Requisitioned by Annajiat Alim Rasel (Senior Lecturer, Department of CSE, BRAC University) for the course named - Distributed Computing Systems (CSE 707)
|
| 952 |
|
|
|0 0
|1 0
|2 ddc
|4 0
|6 006_400000000000000_DUD
|7 0
|9 78723
|a BRACUL
|b BRACUL
|c NEW
|d 2026-01-29
|e Hye Trade International
|g 21761.00
|l 0
|o 006.4 DUD
|p 3010045388
|r 2026-01-29
|t 8
|v 43522.00
|w 2026-01-29
|y BK
|x Requisitioned by Annajiat Alim Rasel (Senior Lecturer, Department of CSE, BRAC University) for the course named - Distributed Computing Systems (CSE 707)
|
| 952 |
|
|
|0 0
|1 0
|2 ddc
|4 0
|6 006_400000000000000_DUD
|7 0
|9 78724
|a BRACUL
|b BRACUL
|c GEN
|d 2026-01-29
|e Hye Trade International
|g 21761.00
|l 0
|o 006.4 DUD
|p 3010045389
|r 2026-01-29
|t 9
|v 43522.00
|w 2026-01-29
|y BK
|x Requisitioned by Annajiat Alim Rasel (Senior Lecturer, Department of CSE, BRAC University) for the course named - Distributed Computing Systems (CSE 707)
|